| 000 | 00482nam a22001697a 4500 | ||
|---|---|---|---|
| 003 | SGT | ||
| 020 | _a97893544669675 | ||
| 082 |
_a611 _bC25G |
||
| 100 | _aGARG, KRISHNA | ||
| 245 | _aCOMPETENCY BASED BD. CHAURASIA'S HUMAN ANATOMY : LOWER LIMB ABDOMEN AND PELVIS | ||
| 250 | _a10TH | ||
| 260 |
_aINDIA _bCBS PUB _c2025 |
||
| 300 | _a482 | ||
| 650 | _aHUMAN ANATOMY | ||
| 653 | _aCOMPETENCY BASED BD. CHAURASIA'S HUMAN ANATOMY : LOWER LIMB ABDOMEN AND PELVIS | ||
| 942 |
_2ddc _cBK |
||
| 999 |
_c30794 _d30794 |
||